000 00374pab a2200157 454500
008 180718b2006 xxu||||| |||| 00| 0 eng d
100 _aPattnaik, Satyanarayana
245 _aTelecom in the rural context
260 _c2006
300 _ap.10-13.
362 _aJan
650 _aTelecommunications
700 _aRao, J.S. Girl
773 _aKurukshetra
909 _a68470
999 _c68470
_d68470